State Mottos by Any Word Quiz Stats

 Plays Quiz Updated Dec 4, 2016

Support Sporcle.
Go Orange.
Score 0/50 Timer 05:00
5 Plays Today
State Motto % Correct
Ua Mau Ke Ea O Ka Aina I Ka Pono (The life of the land is perpetuated in righteousness) (HI)
92.4%
Si Quaeris Peninsulam Amoenam Circumspice (If you are looking for a pleasant peninsula, look around) (MI)
92.1%
Under God, The People Rule (SD)
91.4%
Ense Petit Placidam Sub Libertate Quietem (By the sword it seeks peaceful quiet under liberty) (MA)
91%
Salus Populi Suprema Lex Esto (The welfare of the people shall be the supreme law) (MO)
90.3%
In God We Trust (FL)
90.2%
North to the Future (AK)
87.7%
L'Etoile du Nord (The Star of the North) (MN)
87.5%
Our Liberties We Prize and Our Rights We Will Maintain (IA)
87.5%
Regnat Populus (Let The People Rule) (AR)
87.2%
Ad Astra Per Aspera (To the Stars Through Difficulties) (KS)
87.1%
The Crossroads of America (IN)
86.9%
Dum Spiro, Spero (While I breathe, I hope) (SC)
86.6%
Audemus Jura Nostra Defendere (We Dare to Defend Our Rights) (AL)
86.4%
Dirigo (I Direct) (ME)
86%
Equality Before the Law (NE)
85.2%
Nil Sine Numine (Nothing Without Providence) (CO)
85.1%
With God All Things Are Possible (OH)
84.6%
Eureka! (I have Found It) (CA)
82.3%
Montani Semper Liberi (Mountain People are Always Free) (WV)
82.3%
United We Stand, Divided We Fall (KY)
80.9%
Liberty and Union, Now and Forever, One and Inseparable (ND)
80.6%
Virtue, Liberty, and Independence (PA)
77.6%
Liberty and Independence (DE)
77.5%
Liberty and Prosperity (NJ)
77.5%
State Motto % Correct
Live Free or Die (NH)
77.3%
All for Our Country (NV)
77.3%
Oro y Plata (Gold and Silver) (MT)
76.6%
Ditat Deus (God Enriches) (AZ)
76.3%
Esse Quam Videri (To be Rather Than to Seem) (NC)
75.9%
Freedom and Unity (VT)
75.5%
Sic Semper Tyrannis (Thus Always to Tyrants) (VA)
72.6%
Virtute et Armis (By Virtue and Arms) (MS)
71.5%
Union, Justice and Confidence (LA)
71.2%
Al-Ki (By and by) (WA)
69.9%
Agriculture and Commerce (TN)
65.3%
State Sovereignty, National Union (IL)
58.2%
Esto Perpetua (May It Last Forever) (ID)
57.8%
Crescit Eundo (It Grows as It Goes) (NM)
54.9%
Labor Omnia Vincit (Labor Conquers All) (OK)
53.6%
Alis Volat Propriis (She Flies With Her Own Wings) (OR)
51.5%
Qui Transtulit Sustinet (He who transplanted sustains) (CT)
41.5%
Equal Rights (WY)
35.6%
Wisdom, Justice, Moderation (GA)
30.3%
Hope (RI)
23.7%
Excelsior (Higher) (NY)
10%
Fatti Maschii, Parole Femine (Manly Deeds, Womanly Words) (MD)
7.6%
Forward (WI)
6.7%
Friendship (TX)
5.9%
Industry (UT)
5.2%

You're not logged in!

Compare scores with friends on all Sporcle quizzes.
OR
Log In

From the Vault

5x5 in 90: Mixed Sports Minefield Blitz

by kfastic

It's a good thing that none of these sports feature actual minefields.
Remove Ads.
Support Sporcle.
Get the best of Sporcle when you Go Orange. This ad-free experience offers more features, more stats, and more fun while also helping to support Sporcle. Thank you for becoming a member.

Show Comments

Extras

Top Quizzes Today


Score Distribution

Your Account Isn't Verified!

In order to create a playlist on Sporcle, you need to verify the email address you used during registration. Go to your Sporcle Settings to finish the process.

Report this User

Report this user for behavior that violates our Community Guidelines.

Details: